| 000 | 01243nam a22002775a 4500 | ||
|---|---|---|---|
| 001 | 16609640 | ||
| 005 | 20110113091518.0 | ||
| 008 | 110113s2011 ohu 000 0 eng | ||
| 010 | _a 2011920710 | ||
| 020 | _a9781111426224 | ||
| 040 |
_aDLC _cDLC |
||
| 082 |
_222 _a624.1 _bKAS |
||
| 100 | 1 |
_aKassimali, Aslam. _929078 |
|
| 245 | 1 | 0 |
_aMatrix Analysis of Structures / _cAslam Kassimali. |
| 250 | _a2nd ed. | ||
| 260 |
_aMason, OH : _bSouth-Western, Cengage Learning, _c2011. |
||
| 263 | _a1103 | ||
| 300 |
_axii, 626 p. : _bill. ; _c25 cm. |
||
| 504 | _aIncludes bibliographical references (p.612-613) and index. | ||
| 505 | _a Introduction -- Matrix algebra -- Plane trusses - Computer program for analysis of plane trusses -- Beams -- Plane frames -- Member releases and secondary effects -- Three-dimensional framed structures -- Special topics and modeling techniques -- Introduction to nonlinear structural analysis. | ||
| 650 |
_912469 _aStructural analysis (Engineering) _xMatrix methods. |
||
| 653 |
_bGen _bCS _cFebruary2012 |
||
| 942 |
_2ddc _cBB |
||
| 999 |
_c16508 _d16508 |
||